01418nam a2200169 a 4500041000800000100003000008245013800038260005300176300001000229520087900239650001901118650001801137650002101155650001901176650001401195662003901209 aspa aBarrero, María Carolina aEstado del arte en métodos de priorización de áreas de conservación y esqueleto de propuesta para el Altiplano cundiboyacense aBogotábInstituto Alexander von Humboldtc2005 a75 p. aLa literatura ofrece gran variedad de métodos propuestos desde distintos enfoques que intentan acercase al ideal y cumplir a cabalidad con distintos principios, criterios y metas de conservación. Este documento proporciona un abanico de opciones metodológicas para el desarrollo de estrategias de conservación. Se discuten argumentos y cuestionamientos existentes entre distintos autores que confluyen en una misma herramienta metodológica y se muestran los progresos que han tenido la comunidad científica y las organizaciones responsables. Se presentó una propuesta para priorizar áreas de conservación en el Altiplano cundiboyacense en la cual se incluyen los siguientes pasos: diagnóstico de vacíos de información, selección de objetos de conservación, definición de metas de conservación, amenazas, algoritmo de selección de humedales. aConservación aBiodiversidad aAreas protegidas aBibliografía aHumedales aColombiacAltiplano cundiboyacense